[Event "ChessOrg Schachfestival  2015"]
[Site "Bad Wörishofen"]
[Date "2015.03.02"]
[Round "5.1"]
[White "Teske, Henrik"]
[Black "Pezerovic, Edin"]
[Result "1/2-1/2"]
[WhiteElo "2483"]
[BlackElo "2413"]
[Annotator "chessorg"]
[PlyCount "50"]
[EventDate "2015.??.??"]
[WhiteTeam "SV Glueck auf Ruedersdorf e.V."]
[BlackTeam "Muenchener SC 1836 e.V."]

1. Nf3 d5 2. d4 c6 3. c4 Nf6 4. Nc3 a6 5. h3 h6 6. Qd3 g6 7. cxd5 cxd5 8. Bf4
Nc6 9. Ne5 Qb6 10. Nxc6 Qxc6 11. Rc1 Bf5 12. Qd2 Rc8 13. g4 Be6 14. Bg2 Qd7 15.
O-O Bg7 16. b3 b5 17. e4 O-O 18. e5 Ne4 19. Nxe4 dxe4 20. Bxe4 Rxc1 21. Rxc1
Rd8 22. d5 Bxd5 23. Qxd5 Qxd5 24. Bxd5 Rxd5 25. Rc8+ Kh7 1/2-1/2

[Event "ChessOrg Schachfestival  2015"]
[Site "Bad Wörishofen"]
[Date "2015.03.02"]
[Round "5.2"]
[White "Gutman, Lev"]
[Black "Karpatchev, Alexandr"]
[Result "1/2-1/2"]
[WhiteElo "2426"]
[BlackElo "2472"]
[Annotator "chessorg"]
[PlyCount "25"]
[EventDate "2015.??.??"]
[WhiteTeam "SV Lingen"]
[BlackTeam "SF Bad Mergentheim"]

1. Nf3 d5 2. g3 g6 3. Bg2 Bg7 4. d4 Nf6 5. O-O O-O 6. c4 dxc4 7. Na3 Nc6 8.
Nxc4 Be6 9. b3 a5 10. Bb2 Bd5 11. Ne3 Be4 12. a3 Nd5 13. Nc4 1/2-1/2

[Event "ChessOrg Schachfestival  2015"]
[Site "Bad Wörishofen"]
[Date "2015.03.02"]
[Round "5.3"]
[White "Cebalo, Miso"]
[Black "Pap, Misa"]
[Result "0-1"]
[WhiteElo "2379"]
[BlackElo "2459"]
[Annotator "chessorg"]
[PlyCount "102"]
[EventDate "2015.??.??"]
[BlackTeam "SF Korbach"]

1. c4 c5 2. g3 Nc6 3. Bg2 g6 4. Nc3 Bg7 5. Nf3 e6 6. d3 Nge7 7. Bg5 h6 8. Bd2
d5 9. O-O O-O 10. a3 b6 11. Rb1 a5 12. Na4 Bd7 13. Qb3 Rb8 14. cxd5 Nxd5 15.
Nc3 Nxc3 16. Bxc3 e5 17. Nd2 b5 18. Ne4 b4 19. Bd2 Nd4 20. Qd5 Nxe2+ 21. Kh1
Bf5 22. Nd6 Be6 23. Qxc5 Nd4 24. Be3 Nb3 25. Qc6 Qe7 26. axb4 axb4 27. Rbd1
Rfd8 28. Nc4 Bg4 29. Rde1 Bd7 30. Qc7 Qe6 31. Ba7 Rbc8 32. Qb6 Bc6 33. Bxc6
Qxc6+ 34. Qxc6 Rxc6 35. Kg2 Ra6 36. Be3 Rc6 37. Rd1 e4 38. Nd2 Nxd2 39. Rxd2
Rxd3 40. Rxd3 exd3 41. Rd1 Bxb2 42. Rxd3 Bc3 43. Rd8+ Kg7 44. Rb8 h5 45. h4 Kf6
46. Rb7 Ke6 47. Kf3 Kd5 48. Ke2 Kc4 49. Rxf7 Kb3 50. Kd1 Rd6+ 51. Ke2 Kc2 0-1

[Event "ChessOrg Schachfestival  2015"]
[Site "Bad Wörishofen"]
[Date "2015.03.02"]
[Round "5.4"]
[White "Halkias, Stelios"]
[Black "Roeder, Matthias"]
[Result "1/2-1/2"]
[WhiteElo "2527"]
[BlackElo "2414"]
[Annotator "chessorg"]
[PlyCount "50"]
[EventDate "2015.??.??"]
[BlackTeam "DJK Aufwaerts St. Josef Aachen 1920"]

1. c4 c5 2. g3 g6 3. Bg2 Bg7 4. Nc3 d6 5. Nf3 Nc6 6. O-O Bf5 7. b3 Qd7 8. Bb2
Nf6 9. Nd5 e5 10. Ng5 h6 11. Nxf6+ Bxf6 12. Ne4 Be7 13. e3 Bh3 14. d4 Bxg2 15.
Kxg2 g5 16. dxe5 dxe5 17. Nc3 Bd6 18. Qe2 O-O-O 19. Rad1 Qe6 20. Nb5 Be7 21.
Rxd8+ Rxd8 22. Rd1 Rxd1 23. Qxd1 e4 24. Bg7 h5 25. h4 Qd7 1/2-1/2

[Event "ChessOrg Schachfestival  2015"]
[Site "Bad Wörishofen"]
[Date "2015.03.02"]
[Round "5.6"]
[White "Lampert, Jonas"]
[Black "Rudolf, Anna"]
[Result "1/2-1/2"]
[WhiteElo "2454"]
[BlackElo "2319"]
[Annotator "chessorg"]
[PlyCount "92"]
[EventDate "2015.??.??"]
[WhiteTeam "Hamburger SK von 1830 eV"]
[BlackTeam "Rodewischer Schachmiezen"]

1. d4 d5 2. c4 e6 3. Nc3 Be7 4. Qc2 Nf6 5. cxd5 Nxd5 6. e4 Nb4 7. Qa4+ Bd7 8.
Qd1 c5 9. a3 cxd4 10. axb4 dxc3 11. bxc3 Qc7 12. Bb2 O-O 13. Nf3 Rd8 14. Qc1
Nc6 15. Be2 a5 16. b5 Ne5 17. Nxe5 Qxe5 18. Qe3 Bc5 19. Qf3 a4 20. Ra2 a3 21.
Ba1 Ra4 22. c4 Bb4+ 23. Kf1 Qc7 24. g3 e5 25. Kg2 Be6 26. Qb3 Rda8 27. Rc1 Be7
28. Rc3 f6 29. h4 Bb4 30. Rc1 Bc5 31. Bd1 R4a7 32. Bc3 Qe7 33. Rb1 Qf7 34. Bb4
Bxb4 35. Qxb4 Bxc4 36. Bb3 Be6 37. f3 b6 38. g4 g6 39. Bxe6 Qxe6 40. Rb3 Qd7
41. Rbxa3 Rxa3 42. Rxa3 Rxa3 43. Qxa3 Qxb5 44. Qa8+ Kg7 45. Qb7+ Kg8 46. Qa8+
Kg7 1/2-1/2

[Event "ChessOrg Schachfestival  2015"]
[Site "Bad Wörishofen"]
[Date "2015.03.02"]
[Round "5.8"]
[White "Kugelmann, Werner"]
[Black "Skembris, Spyridon"]
[Result "0-1"]
[WhiteElo "2181"]
[BlackElo "2429"]
[Annotator "chessorg"]
[PlyCount "72"]
[EventDate "2015.??.??"]
[WhiteTeam "TSV Wertingen 1862 SAbt"]
[BlackTeam "SK Freiburg Zaehringen 1887 e.V."]

1. e4 c6 2. d4 d5 3. Nc3 dxe4 4. Nxe4 Nd7 5. Nf3 Ngf6 6. Nxf6+ Nxf6 7. Bd3 Bf5
8. O-O Bxd3 9. Qxd3 e6 10. Bf4 Bd6 11. Bxd6 Qxd6 12. Rad1 O-O 13. Rfe1 Rad8 14.
c3 h6 15. Qe2 Qd5 16. Ne5 c5 17. c4 Qd6 18. dxc5 Qxc5 19. b3 Qc7 20. h3 a6 21.
Nf3 Qa5 22. Ne5 Rfe8 23. Kf1 Rxd1 24. Rxd1 Rd8 25. Rxd8+ Qxd8 26. Kg1 Qd4 27.
Nf3 Qc3 28. Qe1 Qb2 29. Qd2 Qa1+ 30. Kh2 Ne4 31. Qc2 f5 32. Qe2 Kf7 33. g3 Kf6
34. Kg2 Qc1 35. h4 g6 36. Qd3 Qh1+ 0-1

[Event "ChessOrg Schachfestival  2015"]
[Site "Bad Wörishofen"]
[Date "2015.03.02"]
[Round "5.11"]
[White "Grimberg, Boris"]
[Black "Schaefer, Michael"]
[Result "1/2-1/2"]
[WhiteElo "2373"]
[BlackElo "2124"]
[Annotator "chessorg"]
[PlyCount "37"]
[EventDate "2015.??.??"]
[WhiteTeam "TSV Haunstetten"]
[BlackTeam "Freibauer Moerlenbach-Birkenau"]

1. e4 c5 2. Nc3 Nc6 3. f4 g6 4. Nf3 Bg7 5. Bb5 Nd4 6. O-O e6 7. e5 a6 8. Bd3
Nxf3+ 9. Qxf3 d5 10. b3 b6 11. Ba3 Qc7 12. Rae1 Ne7 13. Nd1 Bb7 14. Nf2 Nf5 15.
c3 Bf8 16. g4 Nh4 17. Qh3 Be7 18. Bb1 O-O-O 19. d4 1/2-1/2

[Event "ChessOrg Schachfestival  2015"]
[Site "Bad Wörishofen"]
[Date "2015.03.02"]
[Round "5.19"]
[White "Stuemer, Paul"]
[Black "Grawe, Christian"]
[Result "0-1"]
[WhiteElo "2092"]
[BlackElo "2192"]
[Annotator "chessorg"]
[PlyCount "60"]
[EventDate "2015.??.??"]
[WhiteTeam "Schachverein Bergneustadt/Derschlag"]
[BlackTeam "Schachklub Germering e. V."]

1. Nf3 d5 2. c4 d4 3. b4 f6 4. e3 e5 5. c5 a5 6. Bb5+ c6 7. Bc4 axb4 8. Nxe5
fxe5 9. Qh5+ g6 10. Qxe5+ Qe7 11. Qxh8 Nf6 12. Bb2 Be6 13. Bxd4 Nbd7 14. Bxe6
Qxe6 15. d3 O-O-O 16. Bxf6 Nxf6 17. Nd2 Bxc5 18. Qg7 Bf8 19. Qh8 Bh6 20. Qxd8+
Kxd8 21. O-O Kc7 22. Nb3 Ng4 23. h3 Nxf2 24. Rxf2 Bxe3 25. d4 Bxf2+ 26. Kxf2
Qf5+ 27. Kg1 Qc2 28. Kh1 b6 29. d5 c5 30. Rc1 Qxa2 0-1

[Event "ChessOrg Schachfestival  2015"]
[Site "Bad Wörishofen"]
[Date "2015.03.02"]
[Round "5.23"]
[White "Arnold, Max"]
[Black "Bader, Gerd"]
[Result "1-0"]
[WhiteElo "2189"]
[BlackElo "2045"]
[Annotator "chessorg"]
[PlyCount "39"]
[EventDate "2015.??.??"]
[WhiteTeam "SF Dornstetten-Pfalzgrafenweiler e.V."]
[BlackTeam "SG Schwaebisch Gmuend 1872 e.V"]

1. e4 d6 2. d4 e5 3. dxe5 dxe5 4. Qxd8+ Kxd8 5. Bc4 f6 6. f4 Bd6 7. fxe5 Bxe5
8. Nf3 Nd7 9. Nc3 c6 10. Ne2 Nc5 11. Nxe5 fxe5 12. O-O Nf6 13. Bh6 Ne8 14.
Rad1+ Bd7 15. Rf7 gxh6 16. b4 b5 17. bxc5 bxc4 18. Rfxd7+ Kc8 19. Rd8+ Kb7 20.
Rb1+ 1-0

[Event "ChessOrg Schachfestival  2015"]
[Site "Bad Wörishofen"]
[Date "2015.03.02"]
[Round "5.25"]
[White "Muehlbach, Peter"]
[Black "Dewenter, Ulf"]
[Result "1/2-1/2"]
[WhiteElo "2055"]
[BlackElo "2165"]
[Annotator "chessorg"]
[PlyCount "49"]
[EventDate "2015.??.??"]
[BlackTeam "Schachclub Weiße Dame Borbeck 25 e.V."]

1. Nf3 d5 2. c4 c6 3. d4 e6 4. Qc2 Nf6 5. g3 Be7 6. Bg2 O-O 7. O-O Nbd7 8. Nbd2
b6 9. e4 dxe4 10. Nxe4 Bb7 11. Rd1 Nxe4 12. Qxe4 Nf6 13. Qe2 Rc8 14. Bf4 Bd6
15. Ne5 Qe7 16. Nd3 Bxf4 17. Nxf4 Rfe8 18. Nd3 Red8 19. Nf4 Re8 20. Re1 Rc7 21.
Rad1 h6 22. Qc2 Qb4 23. Nd3 Qd6 24. Ne5 c5 25. Bxb7 1/2-1/2

[Event "ChessOrg Schachfestival  2015"]
[Site "Bad Wörishofen"]
[Date "2015.03.02"]
[Round "5.31"]
[White "Wittfoth, Kai-Uve"]
[Black "Diotallevi, Maurizio"]
[Result "1/2-1/2"]
[WhiteElo "2139"]
[BlackElo "2016"]
[Annotator "chessorg"]
[PlyCount "42"]
[EventDate "2015.??.??"]
[WhiteTeam "SF Bremer Osten"]
[BlackTeam "Castelfidardo"]

1. d4 d5 2. c4 e6 3. Nc3 Nf6 4. cxd5 exd5 5. Bg5 Be7 6. e3 c6 7. Bd3 Nbd7 8.
Qc2 Nf8 9. Nge2 Ne6 10. Bh4 g6 11. f3 Ng7 12. Bf2 Bf5 13. O-O Bxd3 14. Qxd3 O-O
15. Kh1 Re8 16. Rad1 Bf8 17. Rde1 Ne6 18. Bh4 Be7 19. Ng1 Nh5 20. Bxe7 Qxe7 21.
f4 f5 1/2-1/2

[Event "ChessOrg Schachfestival  2015"]
[Site "Bad Wörishofen"]
[Date "2015.03.02"]
[Round "5.32"]
[White "Hehn, Hartmut"]
[Black "Hornung, Hans"]
[Result "1/2-1/2"]
[WhiteElo "2010"]
[BlackElo "2132"]
[Annotator "chessorg"]
[PlyCount "25"]
[EventDate "2015.??.??"]
[WhiteTeam "SV Ebersbach"]
[BlackTeam "SK Ingolstadt"]

1. e4 g6 2. d4 Bg7 3. Nf3 d6 4. Nc3 a6 5. a4 b6 6. g3 Bb7 7. Bg2 Nf6 8. Qe2 O-O
9. O-O e6 10. Rd1 h6 11. h3 Qe7 12. Nh2 Nbd7 13. Be3 1/2-1/2

[Event "ChessOrg Schachfestival  2015"]
[Site "Bad Wörishofen"]
[Date "2015.03.02"]
[Round "5.35"]
[White "Estremera, Sergio"]
[Black "Margraf, Christoph"]
[Result "1-0"]
[WhiteElo "2353"]
[BlackElo "1951"]
[Annotator "chessorg"]
[PlyCount "47"]
[EventDate "2015.??.??"]
[BlackTeam "SC Ansbach 1855 e.V."]

1. d4 d5 2. c4 Nc6 3. Nc3 Nf6 4. cxd5 Nxd5 5. Nf3 Bg4 6. e4 Bxf3 7. gxf3 Nxc3
8. bxc3 e5 9. d5 Nb8 10. Qb3 Bd6 11. Qxb7 Nd7 12. Bg5 Rb8 13. Bxd8 Rxb7 14. Bg5
Nc5 15. Be3 Ke7 16. Bc4 Rhb8 17. O-O f6 18. Rfc1 a5 19. a4 Rb2 20. Bb5 g5 21.
c4 c6 22. dxc6 Nd3 23. c5 Bc7 24. Bxd3 1-0

[Event "ChessOrg Schachfestival  2015"]
[Site "Bad Wörishofen"]
[Date "2015.03.02"]
[Round "5.57"]
[White "Herold, Gunther"]
[Black "Straub, Hermann"]
[Result "1/2-1/2"]
[WhiteElo "1902"]
[BlackElo "2002"]
[Annotator "chessorg"]
[PlyCount "29"]
[EventDate "2015.??.??"]
[WhiteTeam "SK Oberguenzburg"]
[BlackTeam "SK Frankenthal"]

1. e4 b6 2. d4 Bb7 3. Bd3 Nf6 4. Qe2 Nc6 5. Nf3 Nb4 6. Nc3 Nxd3+ 7. Qxd3 e6 8.
Bg5 Be7 9. e5 Nd5 10. Bxe7 Nxe7 11. O-O-O Nd5 12. Nxd5 Bxd5 13. c4 Bxf3 14.
Qxf3 O-O 15. Qe3 1/2-1/2

[Event "ChessOrg Schachfestival  2015"]
[Site "Bad Wörishofen"]
[Date "2015.03.02"]
[Round "5.59"]
[White "Frei, Markus"]
[Black "Stolzenwald, Karl-Heinz"]
[Result "1-0"]
[WhiteElo "1960"]
[BlackElo "1728"]
[Annotator "chessorg"]
[PlyCount "81"]
[EventDate "2015.??.??"]
[WhiteTeam "Freibauer Moerlenbach-Birkenau"]
[BlackTeam "SK Buchloe"]

1. e4 c5 2. Nf3 Nc6 3. d4 cxd4 4. Nxd4 d6 5. Nc3 Nf6 6. Bg5 a6 7. Qd2 e6 8.
O-O-O Be7 9. f4 h6 10. Bh4 Qc7 11. Be2 b5 12. Nxc6 Qxc6 13. Bf3 e5 14. Bxf6
Bxf6 15. Qxd6 Qxd6 16. Rxd6 Be7 17. Rd3 exf4 18. Nd5 Ra7 19. Nxf4 Bg5 20. g3
O-O 21. Kb1 Bxf4 22. gxf4 Rd7 23. Rhd1 Rfd8 24. b4 Kf8 25. e5 Ke7 26. Kb2 Rxd3
27. Rxd3 g5 28. Rxd8 Kxd8 29. fxg5 hxg5 30. Kc3 Ke7 31. Kd4 f5 32. exf6+ Kxf6
33. Bc6 g4 34. a4 bxa4 35. Bxa4 Kg5 36. Bc6 Kh4 37. Bg2 Kg5 38. c4 Kf4 39. c5
a5 40. bxa5 Ba6 41. c6 1-0

[Event "ChessOrg Schachfestival  2015"]
[Site "Bad Wörishofen"]
[Date "2015.03.02"]
[Round "5.69"]
[White "Lochte, Szilvia"]
[Black "Heinich, Manfred"]
[Result "1/2-1/2"]
[WhiteElo "1918"]
[BlackElo "1976"]
[Annotator "chessorg"]
[PlyCount "32"]
[EventDate "2015.??.??"]
[WhiteTeam "Gautinger SC"]
[BlackTeam "Blinden SC München"]

1. d4 Nf6 2. Nf3 c5 3. d5 d6 4. Nc3 g6 5. e4 Bg7 6. Be2 O-O 7. O-O e6 8. Bg5 h6
9. Bh4 g5 10. Bg3 exd5 11. exd5 Nh5 12. Re1 Nxg3 13. hxg3 Bf5 14. Bd3 Bxd3 15.
Qxd3 Nd7 16. Nd1 Ne5 1/2-1/2

[Event "ChessOrg Schachfestival  2015"]
[Site "Bad Wörishofen"]
[Date "2015.03.02"]
[Round "5.72"]
[White "Riegler, Dieter"]
[Black "Zemlicka, Vit"]
[Result "1/2-1/2"]
[WhiteElo "2083"]
[BlackElo "1962"]
[Annotator "chessorg"]
[PlyCount "37"]
[EventDate "2015.??.??"]
[WhiteTeam "SF Heidelberg"]
[BlackTeam "Sokol-Praha-Kobylisy"]

1. d4 Nf6 2. c4 g6 3. Nc3 Bg7 4. e4 d6 5. Nf3 O-O 6. h3 e5 7. d5 a5 8. g4 Na6
9. Be3 Nd7 10. Rg1 Ndc5 11. Nd2 Kh8 12. Nb3 b6 13. Nxc5 Nxc5 14. Qc2 f5 15.
O-O-O Nxe4 16. Nxe4 fxe4 17. Bg2 Bf6 18. Qd2 Ba6 19. b3 1/2-1/2

[Event "ChessOrg Schachfestival  2015"]
[Site "Bad Wörishofen"]
[Date "2015.03.02"]
[Round "5.77"]
[White "Reinke, Kurt"]
[Black "Taufer, Livio"]
[Result "1-0"]
[WhiteElo "1919"]
[BlackElo "1754"]
[Annotator "chessorg"]
[PlyCount "85"]
[EventDate "2015.??.??"]
[WhiteTeam "Schachgesellschaft Benrath 1924"]

1. d4 Nf6 2. c4 g6 3. Nc3 Bg7 4. e4 d6 5. f3 O-O 6. Be3 Nbd7 7. Nge2 a6 8. g4
c5 9. h4 cxd4 10. Nxd4 Ne5 11. Be2 Qc7 12. g5 Nh5 13. Nd5 Qd8 14. Rg1 Nc6 15.
f4 Nxd4 16. Bxd4 Bxd4 17. Qxd4 Ng7 18. h5 Ne6 19. Qf2 Nc5 20. hxg6 fxg6 21.
O-O-O Nxe4 22. Qe3 e6 23. Qxe4 exd5 24. Qxd5+ Kg7 25. Qd4+ Kg8 26. Bf3 Be6 27.
Rh1 Rc8 28. b3 Rc7 29. Qxd6 Qxd6 30. Rxd6 Bc8 31. Bd5+ Kg7 32. Rf1 Rf5 33. Kd2
b5 34. Kd3 Rd7 35. Rxd7+ Bxd7 36. Kd4 Kf8 37. Be4 Rf7 38. c5 Ke7 39. c6 Bc8 40.
Kc5 Bf5 41. Bd5 Rf8 42. Re1+ Kd8 43. Kd6 1-0

[Event "ChessOrg Schachfestival  2015"]
[Site "Bad Wörishofen"]
[Date "2015.03.02"]
[Round "5.85"]
[White "Urban, Rudolf"]
[Black "Lampert, Joshua"]
[Result "1/2-1/2"]
[WhiteElo "1874"]
[BlackElo "1672"]
[Annotator "chessorg"]
[PlyCount "37"]
[EventDate "2015.??.??"]
[WhiteTeam "SC Roter Turm Altstadt"]
[BlackTeam "Hamburger SK von 1830 eV"]

1. d4 Nf6 2. Nf3 d5 3. Bf4 c5 4. e3 Nc6 5. c3 Nh5 6. Bg3 Qb6 7. Qb3 Nxg3 8.
hxg3 e6 9. Nbd2 Bd7 10. Qc2 h6 11. Rc1 Bd6 12. Nb3 cxd4 13. exd4 O-O 14. Bd3
Rfe8 15. O-O e5 16. dxe5 Nxe5 17. Nfd4 Nxd3 18. Qxd3 Rac8 19. Rfe1 1/2-1/2

[Event "ChessOrg Schachfestival  2015"]
[Site "Bad Wörishofen"]
[Date "2015.03.03"]
[Round "6.2"]
[White "Pezerovic, Edin"]
[Black "Gutman, Lev"]
[Result "0-1"]
[WhiteElo "2413"]
[BlackElo "2426"]
[Annotator "chessorg"]
[PlyCount "108"]
[EventDate "2015.??.??"]
[WhiteTeam "Muenchener SC 1836 e.V."]
[BlackTeam "SV Lingen"]

1. d4 Nf6 2. Bf4 g6 3. e3 Bg7 4. Nf3 O-O 5. h3 c5 6. c3 Qb6 7. Qb3 d6 8. Nbd2
Be6 9. Qxb6 axb6 10. a3 Nc6 11. Bd3 Na5 12. O-O Nb3 13. Nxb3 Bxb3 14. Rfe1 Rfd8
15. Nd2 Ba4 16. Ne4 Nxe4 17. Bxe4 e5 18. dxe5 dxe5 19. Bg3 Rd7 20. f4 f5 21.
Bf3 e4 22. Be2 b5 23. Rab1 c4 24. Bd1 Rad8 25. Bxa4 bxa4 26. Bh4 Rc8 27. Re2
Rc5 28. Kf1 Kf7 29. g4 fxg4 30. hxg4 h5 31. Rg2 hxg4 32. Rxg4 Rb5 33. Rg5 Rb3
34. f5 gxf5 35. Rxf5+ Kg6 36. Rf2 Rf7 37. Rxf7 Kxf7 38. Ke2 Ke6 39. Be1 Bf8 40.
Kd1 Bxa3 41. Kc2 Bc5 42. Ra1 a3 43. bxa3 Bxe3 44. a4 Bc5 45. Bd2 Ra3 46. Rxa3
Bxa3 47. Kd1 Kd5 48. Ke2 Bc5 49. Bg5 Kc6 50. Be3 Bxe3 51. Kxe3 Kd5 52. Kf4 b6
53. Kg3 Ke5 54. Kg4 e3 0-1

[Event "ChessOrg Schachfestival  2015"]
[Site "Bad Wörishofen"]
[Date "2015.03.03"]
[Round "6.3"]
[White "Karpatchev, Alexandr"]
[Black "Romanishin, Oleg"]
[Result "1-0"]
[WhiteElo "2472"]
[BlackElo "2472"]
[Annotator "chessorg"]
[PlyCount "89"]
[EventDate "2015.??.??"]
[WhiteTeam "SF Bad Mergentheim"]

1. e4 e5 2. Nf3 Nc6 3. d4 exd4 4. Nxd4 Bc5 5. Nb3 Bb4+ 6. c3 Be7 7. f4 d6 8.
N1d2 Nh6 9. Bc4 O-O 10. O-O Be6 11. Bxe6 fxe6 12. Nf3 d5 13. Qd3 a5 14. a4 dxe4
15. Qxe4 Qd5 16. Qxd5 exd5 17. Rd1 Rad8 18. h3 Nf5 19. g4 Ng3 20. Kg2 Ne4 21.
f5 Rfe8 22. Bf4 Bd6 23. Bxd6 Nxd6 24. Re1 Nc4 25. Nc5 Nxb2 26. Nxb7 Rb8 27. Nc5
Nc4 28. Kg3 Nd6 29. Kf4 h6 30. Rad1 Rxe1 31. Rxe1 Rb2 32. Nd4 Nxd4 33. cxd4 Ne4
34. Nxe4 dxe4 35. Kxe4 Rc2 36. Kd3 Ra2 37. Rc1 Rxa4 38. Rxc7 Ra1 39. d5 a4 40.
Kc2 Kf8 41. d6 Ke8 42. Rxg7 Ra2+ 43. Kb1 Rh2 44. d7+ Kd8 45. f6 1-0

[Event "ChessOrg Schachfestival  2015"]
[Site "Bad Wörishofen"]
[Date "2015.03.03"]
[Round "6.4"]
[White "Khenkin, Igor"]
[Black "Steinbacher, Matthias"]
[Result "1-0"]
[WhiteElo "2590"]
[BlackElo "2284"]
[Annotator "chessorg"]
[PlyCount "91"]
[EventDate "2015.??.??"]
[WhiteTeam "Schachgemeinschaft Porz e.V."]

1. d4 d6 2. Nf3 g6 3. e4 Bg7 4. Nc3 a6 5. Be2 b5 6. O-O Bb7 7. Re1 e6 8. d5 b4
9. Na4 e5 10. a3 bxa3 11. Rxa3 Nf6 12. Bd3 Nbd7 13. c4 O-O 14. b4 c6 15. dxc6
Bxc6 16. Nc3 Qb6 17. Rb3 Rfb8 18. Be3 Qb7 19. b5 axb5 20. cxb5 Bxe4 21. Nxe4
Nxe4 22. Bxe4 Qxe4 23. Ba7 Qc4 24. Bxb8 Rxb8 25. Nd2 Qd5 26. Ne4 Rxb5 27. Rd3
Qa8 28. Nxd6 Rb8 29. Nxf7 Nc5 30. Rd5 Ne6 31. Rd7 Nf4 32. Qf3 Qxf3 33. gxf3
Nh3+ 34. Kg2 Nf4+ 35. Kf1 Rb2 36. Nxe5 Nh3 37. Nd3 Rd2 38. Re8+ Bf8 39. Ke1
Rxd3 40. Rxd3 Kf7 41. Re4 g5 42. Rd7+ Kg6 43. Re6+ Kf5 44. Rc6 Bb4+ 45. Kf1 Nf4
46. Rxh7 1-0

[Event "ChessOrg Schachfestival  2015"]
[Site "Bad Wörishofen"]
[Date "2015.03.03"]
[Round "6.6"]
[White "Pirrot, Dieter"]
[Black "Lampert, Jonas"]
[Result "0-1"]
[WhiteElo "2376"]
[BlackElo "2454"]
[Annotator "chessorg"]
[PlyCount "108"]
[EventDate "2015.??.??"]
[WhiteTeam "SV 1920 Hofheim"]
[BlackTeam "Hamburger SK von 1830 eV"]

1. e4 e5 2. Nc3 Nf6 3. Bc4 Nc6 4. d3 Na5 5. Bb3 Nxb3 6. axb3 d5 7. exd5 Bb4 8.
Bd2 Nxd5 9. Nf3 O-O 10. O-O Nxc3 11. Bxc3 Bxc3 12. bxc3 Re8 13. Re1 Qd6 14. d4
e4 15. Ne5 f6 16. Nc4 Qf4 17. d5 Bg4 18. Qd4 a6 19. Re3 Rad8 20. Rae1 Bh5 21.
f3 c5 22. Qxc5 exf3 23. Rxe8+ Rxe8 24. Rxe8+ Bxe8 25. gxf3 Qxf3 26. Qe7 Qd1+
27. Kf2 Qxc2+ 28. Kf1 Qd3+ 29. Kf2 Qc2+ 30. Kf1 Qc1+ 31. Kf2 Qf4+ 32. Ke1 Qh4+
33. Kf1 Bb5 34. Qe6+ Kf8 35. Qd6+ Kf7 36. Qe6+ Kg6 37. d6 Qf4+ 38. Ke1 Qc1+ 39.
Kf2 Qc2+ 40. Kg1 Qf5 41. Qxf5+ Kxf5 42. Nb6 Ke6 43. c4 Kxd6 44. cxb5 Kc5 45.
Nc8 Kxb5 46. Nd6+ Kc6 47. Ne8 Kc5 48. Nxg7 Kb4 49. Ne6 a5 50. Kf2 Kxb3 51. Ke3
a4 52. Nc5+ Kb4 53. Kd4 a3 54. Nd3+ Kb3 0-1

[Event "ChessOrg Schachfestival  2015"]
[Site "Bad Wörishofen"]
[Date "2015.03.03"]
[Round "6.14"]
[White "Guttenthaler, Franz"]
[Black "Mueller, Martin"]
[Result "1-0"]
[WhiteElo "2243"]
[BlackElo "2132"]
[Annotator "chessorg"]
[PlyCount "49"]
[EventDate "2015.??.??"]
[WhiteTeam "Schachklub Germering e. V."]
[BlackTeam "Schachverein Unser Fritz Wanne-Eickel 1955 e."]

1. d4 f5 2. g3 g6 3. Bg2 Nf6 4. Nf3 Bg7 5. O-O O-O 6. b3 Na6 7. Bb2 Rb8 8. c4
c6 9. Nbd2 d6 10. Qc2 Qe8 11. Bc3 Nh5 12. Rae1 h6 13. h3 c5 14. e4 cxd4 15.
Nxd4 Nb4 16. Bxb4 Bxd4 17. Qd3 Bf6 18. exf5 Bxf5 19. Ne4 Kg7 20. Qe3 Bxe4 21.
Bxe4 Qd7 22. Bd2 Bg5 23. f4 Qxh3 24. fxg5 Nxg3 25. Bg2 1-0

[Event "ChessOrg Schachfestival  2015"]
[Site "Bad Wörishofen"]
[Date "2015.03.03"]
[Round "6.22"]
[White "Schleich, Theo"]
[Black "Estremera, Sergio"]
[Result "0-1"]
[WhiteElo "2081"]
[BlackElo "2353"]
[Annotator "chessorg"]
[PlyCount "66"]
[EventDate "2015.??.??"]
[WhiteTeam "SK Siemens Muenchen"]

1. d4 Nf6 2. Bg5 Ne4 3. Bf4 c5 4. f3 Qa5+ 5. c3 Nf6 6. d5 Qb6 7. Bc1 e6 8. e4
exd5 9. exd5 Bd6 10. c4 O-O 11. Bd3 Qc7 12. Ne2 b5 13. cxb5 c4 14. Bc2 Bc5 15.
Nbc3 a6 16. Bg5 Qb6 17. Na4 Bb4+ 18. Kf1 Qd6 19. Bf4 Qe7 20. Nb6 Bb7 21. d6 Qd8
22. Nxa8 Bxa8 23. Qd4 Nd5 24. Bd2 axb5 25. Be4 Na6 26. Bxd5 Bc5 27. Qe4 Re8 28.
Qf5 Bxd5 29. Qxd5 Qh4 30. g3 Qh3+ 31. Ke1 Qg2 32. Kd1 Qxh1+ 33. Be1 Bb4 0-1

[Event "ChessOrg Schachfestival  2015"]
[Site "Bad Wörishofen"]
[Date "2015.03.03"]
[Round "6.9"]
[White "Roeder, Matthias"]
[Black "Deues, Erik"]
[Result "1-0"]
[WhiteElo "2414"]
[BlackElo "2007"]
[Annotator "chessorg"]
[PlyCount "79"]
[EventDate "2015.??.??"]
[WhiteTeam "DJK Aufwaerts St. Josef Aachen 1920"]
[BlackTeam "Schachklub Germering e. V."]

1. Nf3 c5 2. c4 Nc6 3. d4 cxd4 4. Nxd4 g6 5. e4 Bg7 6. Be3 Nf6 7. Nc3 d6 8. Be2
Bd7 9. O-O O-O 10. Qd2 Rc8 11. f3 a6 12. Rfd1 Nxd4 13. Bxd4 Re8 14. Be3 Be6 15.
Nd5 Bxd5 16. exd5 Nd7 17. Rab1 e5 18. dxe6 Rxe6 19. Bf2 Qe7 20. Bf1 Ne5 21.
Rbc1 g5 22. b4 Bh6 23. c5 d5 24. Qxd5 g4 25. Rc2 gxf3 26. gxf3 Rg6+ 27. Bg3 Qf6
28. Kh1 Nc6 29. Qe4 Rd8 30. Rxd8+ Qxd8 31. Rg2 Bf8 32. a3 Qd1 33. Qd3 Qa1 34.
Rg1 Qb2 35. Bh3 Qf6 36. Bf5 Rg5 37. Bxh7+ Kh8 38. Be4 a5 39. f4 Rh5 40. Qf3 1-0

[Event "ChessOrg Schachfestival  2015"]
[Site "Bad Wörishofen"]
[Date "2015.03.03"]
[Round "6.10"]
[White "Melamed, Tatjana"]
[Black "Grimberg, Boris"]
[Result "0-1"]
[WhiteElo "2279"]
[BlackElo "2373"]
[Annotator "chessorg"]
[PlyCount "80"]
[EventDate "2015.??.??"]
[WhiteTeam "SG Aufbau Elbe Magdeburg"]
[BlackTeam "TSV Haunstetten"]

1. e4 d6 2. d4 Nf6 3. Nc3 g6 4. Be3 Bg7 5. Qd2 c6 6. Nf3 b5 7. Bd3 Nbd7 8. Bh6
O-O 9. O-O e5 10. Bxg7 Kxg7 11. a4 b4 12. Ne2 Rb8 13. Ng3 exd4 14. Nxd4 Ne5 15.
Be2 c5 16. Nb5 d5 17. Nxa7 Nxe4 18. Nxe4 dxe4 19. Qxd8 Rxd8 20. Nxc8 Rdxc8 21.
Ba6 Rc7 22. Rfe1 f5 23. Rad1 c4 24. Rd5 Kf6 25. f4 Nd7 26. Red1 Rb6 27. Bb5 Nc5
28. R1d4 Ne6 29. Rd6 Rxd6 30. Rxd6 Ke7 31. Rb6 c3 32. bxc3 Rxc3 33. Rb7+ Kf6
34. Rb6 Ke7 35. Rb7+ Kd6 36. Rd7+ Kc5 37. g3 Rxc2 38. Re7 b3 39. Rxe6 Rc1+ 40.
Bf1 b2 0-1

[Event "ChessOrg Schachfestival  2015"]
[Site "Bad Wörishofen"]
[Date "2015.03.03"]
[Round "6.13"]
[White "Lupor, Andre"]
[Black "Kozlov, Alexander"]
[Result "1/2-1/2"]
[WhiteElo "2283"]
[BlackElo "2152"]
[Annotator "chessorg"]
[PlyCount "56"]
[EventDate "2015.??.??"]
[WhiteTeam "Schachgemeinschaft Ennepe-Ruhr-Sued"]
[BlackTeam "Stuttgarter SF 1879"]

1. d4 d6 2. Nf3 Nf6 3. c4 Bg4 4. Nc3 Nbd7 5. g3 Bxf3 6. exf3 g6 7. Be3 Bg7 8.
Bg2 O-O 9. O-O c6 10. f4 e6 11. d5 exd5 12. cxd5 c5 13. Qd3 Ng4 14. Bd2 a6 15.
a4 f5 16. h3 Ngf6 17. Rfe1 Qc7 18. b3 Rfe8 19. Rac1 Rxe1+ 20. Bxe1 Qb6 21. Qc2
Re8 22. Bf1 Kf8 23. Bc4 Qc7 24. Bd2 Nb6 25. Re1 Rxe1+ 26. Bxe1 Nxc4 27. bxc4
Qe7 28. Kf1 b6 1/2-1/2